00825nam a2200205 a 450000100100000000500170001000800410002702000150006804000250008308200150010810000490012324500770017226000900024930000210033950000760036050000210043650400320045795201130048999900170060200004603720201002052609.0150612s2012 dr a 000 0 spa d a994500039x aDO-SdBNPbspacBNPHU axxxxbxxxx1 aRodríguez Martínez, Nelson Rafael93480510aTerapias alternativas aplicadas /cNelson Rafael Rodríguez Martínez. a[Santiago de los Caballeros], República Dominicana :bCentro Gráfico Luis,c2012. a434 p. ;c21 cm. aIncluye datos biográficos del autor en la solapa de la contracubierta aIncluye glosario aBibliografía : P. 432-433 0010718PDaPDbPDcCTd2015-06-12iLF1l0oxxxx xxxxp46037-10r2020-06-25w2020-06-25yLFPDZNo se presta c45526d45526